| 000 | 00766nam a2200217 i 4500 | ||
|---|---|---|---|
| 001 | 131849 | ||
| 003 | ES-MaACL | ||
| 005 | 20230906194046.0 | ||
| 007 | t| | ||
| 008 | 070214s1933 sp r ||||1| spa d | ||
| 100 | 1 |
_aRoger Madol, Hans. _998938 |
|
| 245 | 1 | 0 |
_aGodoy, el fin de la vieja España : _bel primer dictador de nuestros tiempos / _cHans Roger Madol ; traducción del alemán por G. Sans Huelin y M. Sandmann. |
| 260 |
_aMadrid : _bRevista de Occidente, _c1933. |
||
| 300 |
_aXI, 251 p., 8 lám. ; _c23 cm. |
||
| 600 | 0 | 4 |
_aGodoy, Manuel de, _cPríncipe de la Paz _957538 |
| 700 | 1 |
_aSans Huelin, Guillermo. _9103207 |
|
| 700 | 1 |
_aSandmann, M. _9103099 |
|
| 852 |
_aES-MaACL _jF-15329 |
||
| 852 |
_aES-MaACL _jA-1568 |
||
| 999 |
_c131849 _d131849 |
||